000 00203nam a22000857a 4500
001 1235372
005 20250930130105.0
245 _aÇAT KAPIDAYIM
_cFADİME USLU
260 _bGÜNIŞIĞI KİTAPLIĞI YAYINLARI
999 _c1235372
_d1235372